000 00282nam a22001217a 4500
999 _c529727
_d529727
003 NUST
038 _aMSOHAIL
082 _a0
100 _aDavid K. Witheford
_922354
245 _a Consultants for DOT Preconstruction Engineering Work
300 _a116,p;
_c28cm
942 _2ddc
_cBK